Beatles Lyrics Quiz (Part 009) - Statistics

General Stats
  • This quiz has been taken 165 times
  • The average score is 153 of 308
Answer Stats
Answer % Correct
I
99%
a
95%
You
92%
you
92%
the
89%
The
89%
me
84%
when
83%
to
81%
in
80%
be
77%
go
75%
it
74%
know,
67%
know
67%
We
67%
So
66%
your
65%
can
62%
they
62%
They
62%
what
61%
all
58%
men
58%
of
57%
for
56%
got
56%
It's
56%
are
54%
get
53%
you're
53%
day
50%
don't
50%
how
50%
We're
50%
some
47%
have
46%
man
45%
Oh
45%
say
45%
Say,
45%
us
45%
from
44%
way
44%
back
43%
going
43%
said
43%
said,
43%
Said,
43%
by
42%
You've
42%
at
41%
good
40%
like
40%
take
39%
but
38%
hard
38%
She's
38%
They're
38%
give
37%
things
36%
with
36%
just
34%
didn't
33%
down
33%
easy
33%
or
33%
two
33%
even
32%
gonna
32%
Trying
32%
trying
32%
up
32%
look
31%
night
31%
only
30%
ain't
29%
boy,
29%
chance
29%
Christ,
29%
crucify
29%
nothing
29%
his
28%
our
27%
gone
26%
make
26%
money
26%
doing
25%
Standing
25%
Think
25%
into
24%
news
24%
people
24%
bed
23%
peace
23%
France
22%
head
22%
London
22%
mac
22%
Paris
22%
both
21%
dead
21%
Last
21%
wish
21%
Hilton
20%
Holland
20%
week
20%
Amsterdam
19%
dock
19%
plane
19%
rainy
19%
soul
19%
made
18%
Made
18%
married
18%
press
18%
Southampton
18%
success
18%
charity
17%
Giving
17%
near
17%
Saving
17%
wife
17%
beds
16%
clothes
16%
drag
16%
early
16%
Gibraltar
16%
gurus
16%
Spain
16%
Talking
16%
trip
16%
bag
14%
Caught
14%
Vienna
14%
Brown
13%
Eating
13%
cake
12%
chocolate
12%
Honeymooning
12%
Newspapers
12%
okay
12%
sack
12%
acorns
11%
called
11%
Fifty
11%
Peter
11%
Seine
11%
Finally
10%
tied
10%
lightning
6%
No matching quizzes found
Score Distribution
Percent of People with Each Score
Percentile by Number Answered
Your Score History
You have not taken this quiz